|
|
|
|
| LEADER |
00000nab a2200000 a 4500 |
| 001 |
vtls011634719 |
| 003 |
SK-MaSNL |
| 005 |
20260304022025.0 |
| 008 |
170606c2017 xo zr p ||00 c0ukr |
| 015 |
|
|
|a SNBRB2017/06
|
| 038 |
|
|
|a SVKPOCL
|
| 040 |
|
|
|a SVKPOCL
|b slo
|c SVKPOCL
|e AACR2
|
| 041 |
0 |
|
|a ukr
|
| 044 |
|
|
|a xo
|c SK
|
| 072 |
|
7 |
|a 821.161
|x Východoslovanské literatúry
|2 konspekt
|
| 080 |
|
|
|a 821.161.2-1-053.2
|2 2011
|
| 080 |
|
|
|a 821.161.2-193
|2 2011
|
| 080 |
|
|
|a 821.161.2-93
|2 2011
|
| 080 |
|
|
|a (437.6)
|2 2011
|
| 100 |
1 |
|
|a Macko, Iryna,
|d 1961-
|4 aut
|9 671495
|
| 245 |
1 |
0 |
|a Jde vesna-
|c Iryna Macko
|
| 500 |
|
|
|a Macková, Iryna pozri Macko, Iryna
|
| 500 |
|
|
|a Pod spoločným názvom Zahadky
|
| 650 |
0 |
7 |
|a ukrajinská poézia
|2 SNKPH
|9 59029
|
| 650 |
0 |
7 |
|a ukrajinská literatúra
|2 SNKPH
|9 1218
|
| 650 |
0 |
7 |
|a poézia pre deti
|2 SNKPH
|9 31212
|
| 650 |
0 |
7 |
|a literatúra pre deti
|2 SNKPH
|9 55721
|
| 773 |
0 |
|
|t Veselka
|g Roč. 65, č. 7 (2016/2017), s. 7
|
| 852 |
|
|
|a SVKPO
|b KIS3GCP
|
| 958 |
|
|
|a SS
|
| 958 |
|
|
|a UA
|
| 958 |
|
|
|a LX
|
| 958 |
|
|
|a NM
|
| 958 |
|
|
|a SK
|
| 999 |
|
|
|c 2609239
|d 2611169
|